Zvesti MŠ SR a MK SR

Saved in:
Bibliographic Details
Format: Serial
Language:Slovak
Published: Bratislava Slovenské pedagogické nakladateľstvo 1999
Subjects:
Tags: Add Tag
No Tags, Be the first to tag this record!

MARC

LEADER 00000nas2a2200000 4500
001 s124206
005 20221220131710.1
041 0 |a slo 
044 |a SK 
245 1 0 |a Zvesti MŠ SR a MK SR 
264 1 |a Bratislava  |b Slovenské pedagogické nakladateľstvo  |c 1999 
300 |a 1 zv. 
773 0 |w eu_un_cat*s120297 
610 2 0 |a vyhlášky 
610 2 0 |a kultúra 
610 2 0 |a školstvo 
610 2 0 |a predpisy právne